000 01733cam a2200157 4500500
005 20260405001050.0
041 _afre
042 _adc
100 1 0 _aKervio, Julien
_eauthor
245 0 0 _aThe transition from sustainable entrepreneurship to post-growth entrepreneurship
260 _c2026.
500 _a54
520 _aThis doctoral project explores the transition from sustainable entrepreneurship to post-growth entrepreneurship. The project builds on the premise that mainstream sustainable entrepreneurship is grounded in a weak conception of sustainability—one that proves inadequate in solving growing ecological and social crises. Degrowth, by contrast, offers a strong approach to sustainability, yet its principles remain only marginally incorporated into entrepreneurial practice. The dissertation seeks to clarify the distinctions between these two perspectives, to develop a theoretical framework for translating degrowth principles into the entrepreneurial ecosystem, and to analyze the risks associated with such a transition. Adopting a constructivist epistemological stance, the study draws on a comprehensive literature review, a systemic analytical framework, and an intervention-research project carried out with LIDEV, a sustainable-entrepreneurship support organization based in Geneva. The project thus provides value both to scholars and practitioners by generating new knowledge that can enable entrepreneurs to explore pathways toward more robust forms of sustainability.
786 0 _nProjectics / Proyéctica / Projectique | 43 | 1 | 2026-03-24 | p. 81-92 | 2031-9703
856 4 1 _uhttps://shs.cairn.info/journal-projectics-proyectica-projectique-2026-1-page-81?lang=en&redirect-ssocas=7080
999 _c2043713
_d2043713